000 00358nam a2200169Ia 4500
100 _aAllana/Sonal Aneel
650 _aASP.NET
942 _cBK
366 _f25
654 _ajQuery
245 _aASP.NET jQuery cook book
260 _bPackt Publications
_c2011
082 _a5.1
_bALL
300 _a291
546 _aENGLISH
_celectronics
999 _c20913
_d20913